Országok részleges műholdas kép szerint #1 - Statistics

General Stats
  • This quiz has been taken 107 times
  • The average score is 8 of 15
Answer Stats
Picture Answer % Correct
Olaszország
94%
Ciprus
86%
Görögország
78%
Törökország
78%
Franciaország
70%
Kuba
64%
Fülöp-szigetek
53%
Indonézia
53%
Kínai Köztársaság
46%
Madagaszkár
46%
Oroszország
44%
Németország
39%
Kanada
34%
Irak
16%
Panama
16%
No matching quizzes found
Score Distribution
Percent of People with Each Score
Percentile by Number Answered
Your Score History
You have not taken this quiz